Statistiques concernant Drapeaux LGBT

Cliquez ici pour prendre le quiz!

Statistiques générales

  • Ce quiz a été pris 2 305 fois
  • Le résultat moyen est 6 sur 7

Statistiques - réponses

Réponse% Correct
Lesbienne
93%
Gay
92%
LGBT
91%
Bisexuel
90%
Pansexuel
85%
Transgenre
85%
Non-binaire
69%

Distribution des résultats

Percentile par nombre de réponses

% des personnes avec chaque résultat

Votre développement - résultats

Vous n’avez pas pris ce quiz